Nueva historia argentina : tomo 5 :
Guardado en:
| Autor Principal: | |
|---|---|
| Otros Autores: | |
| Formato: | Libro |
| Publicado: |
Buenos Aires :
Sudamericana,
2000
|
| Series: | Nueva historia argentina; No. 5
|
| Materias: | |
| Etiquetas: |
Agregar Etiqueta
stefi
1
|
| LEADER | 01573nam a22002295a 4500 | ||
|---|---|---|---|
| 001 | CEM.cems013211 | ||
| 005 | 20091109093845.0 | ||
| 008 | 130507s2000##################000#0#####d | ||
| 003 | CEMS | ||
| 020 | |a 9500713853 | ||
| 082 | 0 | 4 | |a Z982 |
| 100 | 1 | |a Suriano, Juan | |
| 245 | 1 | 0 | |a Nueva historia argentina : |b tomo 5 : |c Coordinado Por Juan Suriano ; dirección de Mirta Zaida Lobato |
| 260 | |a Buenos Aires : |b Sudamericana, |c 2000 | ||
| 300 | |a 601 p. | ||
| 490 | 0 | |a Nueva historia argentina; No. 5 | |
| 505 | 0 | |a El péndulo de la riqueza: la economía argentina en el período 1880-1916 / Fernando Rocchi -- Economía y sociedad en las provincias del Norte / Daniel Campi -- Ampliando las fronteras: la ocupación de la Patagonia / Susana Bandieri -- Estado, gobierno y política en el régimen conservador / Mirta Zaida Lobato -- La Unión Cívica Radical: fundación, oposición y triunfo (1890-1916) / Paula Alonso -- El partido socialista argentino / Jeremy Adelman -- El anarquismo / Juan Suriano -- El pensamiento finisecular (1880-1916) / Oscar Terán -- Del habitante al ciudadano: la condición del inmigrante / Ema Cibotti -- La construcción del país urbano / Jorge Francisco Liernur -- Los trabajadores en la era del progreso / María Zaida Lobato -- El descubrimiento de la enfermedad como problema social / Diego Armus -- La vida cotidiana / Dora Barrancos | |
| 653 | |a Historia | ||
| 653 | |a Historia argentina | ||
| 653 | |a Historia argentina-1880-1916 | ||
| 700 | 1 | |a Lobato, Mirta Zaida, dir. | |
| 859 | |a CEMS |b BIB. CEMS - 11 de abril |h Z982 |i Su77 |p 25712.09 |t Ej.1 |v V |3 V | ||
